CRISTIANI NEL MONDO (CON MAPPA) - Statistics

Statistiche generali
  • Questo quiz è stato fatto 325 volte
  • Il punteggio medio è 96 su 122
Risposte nella Mappa
Le risposte nella mappa del quiz sottostante sono codificate secondo una scala di colori dal rosso al verde in base alla % di persone che hanno risposto correttamente.
 
Statistiche sulle risposte
% Paesi % Corretto
90 Italia
98%
89 Brasile
97%
77,1 Canada
97%
83,3 Francia
97%
95,15 Messico
97%
78 Stati Uniti
97%
68 Germania
96%
91,5 Spagna
96%
94 Argentina
95%
87,2 Cile
95%
95,5 Portogallo
95%
78 Russia
95%
79,3 Svizzera
95%
81,4 Austria
94%
91,7 Irlanda
94%
64 Australia
93%
89 Danimarca
93%
86 Finlandia
93%
98 Grecia
93%
94 Islanda
93%
89,9 Norvegia
93%
51 Paesi Bassi
93%
96,7 Polonia
93%
90 Svezia
93%
77,5 Belgio
92%
83,1 Perù
92%
99 Romania
92%
96,1 Ucraina
92%
83,8 Bulgaria
91%
93,5 Colombia
91%
92,6 Croazia
91%
97 Bolivia
90%
90 Cuba
90%
58,25 Lettonia
90%
85 Lituania
90%
96,9 Paraguay
90%
68 Uruguay
90%
71,6 Regno Unito
89%
61 Slovenia
89%
98 Venezuela
89%
100 Città del Vaticano
88%
98,3 Moldavia
88%
83,8 Slovacchia
88%
79,9 Sudafrica
88%
96 Bielorussia
87%
95 Panama
87%
74,4 Ungheria
87%
97,5 Ecuador
85%
99 San Marino
84%
92 Lussemburgo
83%
91,6 Serbia
83%
90 Andorra
82%
57,4 Guyana
82%
83,7 Haiti
82%
50 Repubblica del Congo
82%
90 Repubblica Democratica del Congo
82%
48 Suriname
82%
84 El Salvador
81%
93 Guatemala
81%
95 Repubblica Dominicana
81%
86 Honduras
80%
69 Macedonia del Nord
80%
97 Malta
80%
56 Nuova Zelanda
80%
79 Belize
78%
92 Costa Rica
78%
60,8 Etiopia
78%
94 Filippine
77%
65,1 Giamaica
77%
85,2 Nicaragua
77%
83,2 Liechtenstein
76%
78 Montenegro
76%
95 Angola
75%
98,7 Armenia
75%
96,3 Bahamas
75%
96 Papua Nuova Guinea
75%
90 Lesotho
74%
79,3 Cipro
73%
50 Eritrea
73%
88,6 Georgia
73%
78 Kenya
73%
90 Monaco
73%
87 Zambia
73%
71,6 Botswana
71%
90 Namibia
71%
95 Capo Verde
70%
80 Zimbabwe
70%
90,9 Dominica
68%
41,3 Mozambico
68%
93,6 Ruanda
68%
95 Swaziland
68%
85 Uganda
68%
53 Camerun
66%
67 Burundi
65%
54 Figi
65%
93 Guinea Equatoriale
65%
90,8 Saint Lucia
64%
93,2 Seychelles
63%
73 Gabon
62%
68,8 Ghana
62%
97,5 Isole Marshall
62%
97,1 Isole Salomone
62%
80 Repubblica Centrafricana
62%
80 Saint Kitts e Nevis
62%
97 Stati Federati di Micronesia
62%
57,6 Trinidad e Tobago
62%
67 Barbados
61%
79,9 Malawi
61%
71,7 Palau
60%
42,8 Benin
59%
93 Grenada
59%
97 Kiribati
59%
95 Sao Tome e Principe
58%
83 Tonga
58%
91,4 Antigua e Barbadua
57%
88,9 Saint Vincent e Grenadine
57%
97 Tuvalu
57%
40 Liberia
56%
83 Vanuatu
56%
67 Nauru
55%
98 Samoa
55%
98 Timor Est
50%
Nessun quiz corrispondente trovato
Distribuzione punteggi
Percentuale di utenti per punteggio
Percentile per numero di risposta
I tuoi punteggi nel tempo
Non hai fatto questo quiz